000 00410cam a2200157ua 4500
041 _aeng
_h
082 _a546.72
_bBRA/CO
100 _aBrasted, Robert C .
245 _aComprehensive inorganic chemistry, Vol 8 /
_cRobert C Brasted.
_hTextual Documents
250 _a1 /
_b.
260 _aToronto :
_bD Van nostrand co ,
_c1966.
300 _a306 ; .
504 _a
942 _cBK
999 _c10675
_d10675